[Event "SVK-chT2B 1920"]
[Site "Slovakia"]
[Date "2020.02.16"]
[Round "9.3"]
[White "Kvassay, Peter"]
[Black "Lancz, Ondrej"]
[Result "1/2-1/2"]
[WhiteElo "1976"]
[BlackElo "2022"]
[PlyCount "26"]
[EventDate "2019.10.26"]
[EventType "team-tourn"]
[EventRounds "11"]
[EventCountry "SVK"]
[SourceTitle "CBM 195 Extra"]
[Source "ChessBase"]
[SourceDate "2020.05.31"]
[SourceVersion "1"]
[SourceVersionDate "2020.05.31"]
[SourceQuality "1"]
[WhiteTeam "Povazska Bystrica II"]
[BlackTeam "Sala Slovan Duslo"]
[WhiteTeamCountry "SVK"]
[BlackTeamCountry "SVK"]

1. d4 Nf6 2. Nf3 e6 3. Bg5 d5 4. e3 Be7 5. c4 dxc4 6. Bxc4 0-0 7. 0-0 c5 8. Nc3 Nc6 9. dxc5 Qxd1 10. Rfxd1 Bxc5 11. Bxf6 gxf6 12. a3 a6 13. b4 Be7 1/2-1/2

[Event "SVK-chT1W 1819"]
[Site "Slovakia"]
[Date "2019.02.23"]
[Round "8.7"]
[White "Lancz, Ondrej"]
[Black "Meszaros, Norbert"]
[Result "0-1"]
[WhiteElo "2053"]
[BlackElo "2111"]
[PlyCount "62"]
[EventDate "2018.10.27"]
[EventType "team-tourn"]
[EventRounds "11"]
[EventCountry "SVK"]
[SourceTitle "CBM 189 Extra"]
[Source "ChessBase"]
[SourceDate "2019.06.03"]
[SourceVersion "1"]
[SourceVersionDate "2019.06.03"]
[SourceQuality "1"]
[WhiteTeam "Sala Slovan Duslo"]
[BlackTeam "Bratislava Lokomotiva"]
[WhiteTeamCountry "SVK"]
[BlackTeamCountry "SVK"]

1. d4 Nf6 2. c4 c5 3. d5 b5 4. cxb5 a6 5. bxa6 Bxa6 6. g3 g6 7. Bg2 d6 8. b3 Bg7 9. Bb2 0-0 10. Nh3 Nbd7 11. 0-0 Qb6 12. Bc3 Nh5 13. Qd2 Rfe8 14. Re1 Reb8 15. Bxg7 Nxg7 16. Nc3 Nf5 17. e3 Ne5 18. Reb1 Qa5 19. Be4 Bd3 20. Kg2 Bxb1 21. Rxb1 Ng7 22. f4 Nd7 23. Bd3 Qb4 24. Rc1 Nb6 25. Qe2 Rc8 26. Bc4 Rcb8 27. Ng5 h6 28. Nf3 Nxc4 29. bxc4 Ra3 30. Nb5 Nf5 31. Rc2 Nxe3+ 0-1

[Event "SVK-chT1W 1819"]
[Site "Slovakia"]
[Date "2019.02.02"]
[Round "7.5"]
[White "Jakab, Bela"]
[Black "Lancz, Ondrej"]
[Result "1-0"]
[WhiteElo "2305"]
[BlackElo "2053"]
[PlyCount "63"]
[EventDate "2018.10.27"]
[EventType "team-tourn"]
[EventRounds "11"]
[EventCountry "SVK"]
[SourceTitle "CBM 188 Extra"]
[Source "ChessBase"]
[SourceDate "2019.02.26"]
[SourceVersion "1"]
[SourceVersionDate "2019.02.26"]
[SourceQuality "1"]
[WhiteTeam "Gabcikovo MSK"]
[BlackTeam "Sala Slovan Duslo"]
[WhiteTeamCountry "SVK"]
[BlackTeamCountry "SVK"]

1. e4 g6 2. d4 Bg7 3. Nc3 d6 4. Be3 Nd7 5. h4 h5 6. f3 c6 7. Qd2 Bh6 8. Bxh6 Nxh6 9. Nh3 Nb6 10. Nf2 d5 11. 0-0-0 dxe4 12. fxe4 Bg4 13. Be2 Bxe2 14. Qxe2 Qc7 15. a4 0-0-0 16. a5 Nd7 17. a6 b6 18. Nd3 Kb8 19. Rhf1 Qg3 20. Nb4 Rc8 21. d5 Ne5 22. Nxc6+ Nxc6 23. dxc6 Rxc6 24. Rd7 Qxh4 25. Qd2 Qg4 26. Rb7+ Ka8 27. Rd1 Qc8 28. Qd7 Rd6 29. Rxd6 exd6 30. Rxa7+ Kb8 31. Rb7+ Ka8 32. Nd5 1-0

[Event "SVK-chT2B 1718"]
[Site "Slovakia"]
[Date "2018.03.18"]
[Round "11.5"]
[White "Lancz, Ondrej"]
[Black "Kvassay, Peter"]
[Result "0-1"]
[WhiteElo "2064"]
[BlackElo "2007"]
[PlyCount "114"]
[EventDate "2017.10.28"]
[EventType "team-tourn"]
[EventRounds "11"]
[EventCountry "SVK"]
[SourceTitle "EXT 2020"]
[Source "ChessBase"]
[SourceDate "2019.10.17"]
[SourceVersion "1"]
[SourceVersionDate "2019.10.17"]
[SourceQuality "1"]
[WhiteTeam "Sala Slovan Duslo"]
[BlackTeam "Povazska Bystrica"]
[WhiteTeamCountry "SVK"]
[BlackTeamCountry "SVK"]

1. d4 g6 2. c4 Bg7 3. Nc3 Nf6 4. e4 0-0 5. Nf3 d6 6. Be2 Nc6 7. d5 Nb8 8. 0-0 Nbd7 9. h3 a5 10. Be3 e5 11. dxe6 fxe6 12. Qc2 Qe7 13. Rad1 b6 14. Rfe1 Bb7 15. Nd4 Nc5 16. f3 Nh5 17. Bf1 Ng3 18. Nde2 Nxf1 19. Rxf1 Rad8 20. Bf2 Nd7 21. b3 Ne5 22. f4 Nd7 23. Bg3 Rde8 24. Kh2 Nf6 25. Bh4 Ng4+ 26. Kg3 Bf6 27. Bxf6 Nxf6 28. Kh2 d5 29. cxd5 exd5 30. e5 Nh5 31. Nxd5 Qf7 32. Qc4 Kh8 33. g4 Rd8 34. Ne3 Rxd1 35. Qxf7 Rxf7 36. Nxd1 Ng7 37. Kg3 Rd7 38. Ne3 Rd2 39. Rf2 Rd3 40. Rf3 Bxf3 41. Kxf3 Ne6 42. h4 Nc5 43. f5 gxf5 44. gxf5 Kg8 45. e6 Kf8 46. Nf4 Rd2 47. Ned5 c6 48. Nxb6 Rxa2 49. f6 Rb2 50. e7+ Kf7 51. Nc8 Rxb3+ 52. Kg4 Ne4 53. Nh5 Rb8 54. Kf5 Rxc8 55. Kxe4 Rb8 56. Ng7 a4 57. Nf5 Kxf6 0-1

[Event "SVK-chT2B 1718"]
[Site "Slovakia"]
[Date "2017.11.26"]
[Round "4.5"]
[White "Chrenko, Kristian"]
[Black "Lancz, Ondrej"]
[Result "0-1"]
[WhiteElo "1970"]
[BlackElo "2064"]
[PlyCount "100"]
[EventDate "2017.10.28"]
[EventType "team-tourn"]
[EventRounds "11"]
[EventCountry "SVK"]
[SourceTitle "CBM 181 Extra"]
[Source "ChessBase"]
[SourceDate "2017.12.12"]
[SourceVersion "1"]
[SourceVersionDate "2017.12.12"]
[SourceQuality "1"]
[WhiteTeam "Tlmace"]
[BlackTeam "Sala Slovan Duslo"]
[WhiteTeamCountry "SVK"]
[BlackTeamCountry "SVK"]

1. d4 Nf6 2. Bf4 e6 3. e3 b6 4. Nf3 Bb7 5. Nbd2 Be7 6. h3 0-0 7. Bd3 c5 8. c3 d5 9. Ne5 Nc6 10. Ndf3 Nxe5 11. Nxe5 b5 12. dxc5 Bxc5 13. Bg5 Qc7 14. Bxf6 gxf6 15. Qg4+ Kh8 16. Qh4 f5 17. Qf6+ Kg8 18. Ng4 Rfb8 19. Nh6+ Kf8 20. Qh8+ Ke7 21. Qg7 Rf8 22. Qg5+ f6 23. Qh5 Bc6 24. 0-0-0 b4 25. c4 dxc4 26. Bxc4 Be8 27. Qh4 Bg6 28. Rd2 Rfd8 29. Rhd1 Rxd2 30. Rxd2 Bd6 31. Rc2 Qb7 32. Qd4 Qxg2 33. Rd2 Qh1+ 34. Rd1 Qc6 35. f4 a5 36. Kb1 a4 37. Bb5 Qe4+ 38. Qxe4 fxe4 39. Ng4 Ra5 40. Bf1 Bc5 41. Re1 Bd6 42. Nf2 Rc5 43. Bg2 f5 44. Rc1 Rxc1+ 45. Kxc1 e5 46. fxe5 Bxe5 47. b3 a3 48. Bf1 Kf6 49. Be2 Kg5 50. Kd2 Bc3+ 0-1

[Event "SVK-chT2B 1415"]
[Site "Slovakia"]
[Date "2015.03.08"]
[Round "11.4"]
[White "Lancz, Ondrej"]
[Black "Foldesi, Marek"]
[Result "1-0"]
[WhiteElo "2106"]
[BlackElo "2063"]
[PlyCount "57"]
[EventDate "2014.10.11"]
[EventType "team-tourn"]
[EventRounds "11"]
[EventCountry "SVK"]
[SourceTitle "EXT 2019"]
[Source "ChessBase"]
[SourceDate "2018.10.10"]
[SourceVersion "1"]
[SourceVersionDate "2018.10.10"]
[SourceQuality "1"]
[WhiteTeam "Sala Slovan Duslo"]
[BlackTeam "Topolcianky SK"]
[WhiteTeamCountry "SVK"]
[BlackTeamCountry "SVK"]

1. d4 d5 2. c4 e6 3. Nc3 Nf6 4. cxd5 exd5 5. Bg5 c6 6. e3 Bd6 7. Bd3 0-0 8. Nf3 Bg4 9. Qc2 h6 10. Bh4 Nbd7 11. 0-0-0 b5 12. h3 Be6 13. Kb1 b4 14. Na4 Qc7 15. Bxf6 Nxf6 16. Rc1 Bd7 17. Nc5 Be8 18. g4 Nd7 19. Nxd7 Bxd7 20. Bf5 Be8 21. h4 g6 22. Bd3 Qe7 23. h5 Kg7 24. Nh4 Qe6 25. Rcg1 Be7 26. Nf5+ Kf6 27. hxg6 fxg6 28. Rxh6 Kf7 29. Rh7+ 1-0

[Event "SVK-chT2B 1415"]
[Site "Slovakia"]
[Date "2014.11.08"]
[Round "3.5"]
[White "Lecky, Juraj"]
[Black "Lancz, Ondrej"]
[Result "1/2-1/2"]
[WhiteElo "1941"]
[BlackElo "2106"]
[PlyCount "81"]
[EventDate "2014.10.11"]
[EventType "team-tourn"]
[EventRounds "11"]
[EventCountry "SVK"]
[SourceTitle "EXT 2019"]
[Source "ChessBase"]
[SourceDate "2018.10.10"]
[SourceVersion "1"]
[SourceVersionDate "2018.10.10"]
[SourceQuality "1"]
[WhiteTeam "Levice"]
[BlackTeam "Sala Slovan Duslo"]
[WhiteTeamCountry "SVK"]
[BlackTeamCountry "SVK"]

1. e4 e5 2. Nf3 Nc6 3. Bb5 a6 4. Ba4 d6 5. c3 Bd7 6. 0-0 Nf6 7. Re1 Be7 8. d4 0-0 9. h3 h6 10. Nbd2 b5 11. Bc2 Re8 12. Nf1 Bf8 13. Ng3 g6 14. Be3 Bg7 15. Qd2 Kh7 16. Nh2 Ng8 17. d5 Na5 18. b3 Nb7 19. Rad1 Qh4 20. Nf3 Qe7 21. Bb1 Rf8 22. Nh2 Kh8 23. Ng4 Qh4 24. Qc2 Bxg4 25. hxg4 Qxg4 26. Qe2 Qxe2 27. Rxe2 Ne7 28. f3 Kh7 29. Red2 h5 30. Nh1 Bh6 31. Bxh6 Kxh6 32. Nf2 Nc5 33. Nd3 Nxd3 34. Bxd3 Rab8 35. c4 b4 36. c5 a5 37. Rc1 Kg5 38. cxd6 cxd6 39. Rc7 Kf6 40. Rdc2 Rfc8 41. Ba6 1/2-1/2

[Event "SVK-chT2B 1213"]
[Site "Slovakia"]
[Date "2012.10.13"]
[Round "1.6"]
[White "Bugar, Anton"]
[Black "Lancz, Ondrej"]
[Result "0-1"]
[WhiteElo "1979"]
[BlackElo "2078"]
[PlyCount "92"]
[EventDate "2012.10.13"]
[EventType "team-tourn"]
[EventRounds "11"]
[EventCountry "SVK"]
[SourceTitle "EXT 2015"]
[Source "ChessBase"]
[SourceDate "2014.11.20"]
[SourceVersion "1"]
[SourceVersionDate "2014.11.20"]
[SourceQuality "1"]
[WhiteTeam "Bojnice"]
[BlackTeam "Sala"]
[WhiteTeamCountry "SVK"]
[BlackTeamCountry "SVK"]

1. e4 g6 2. d4 Bg7 3. c4 d6 4. Nc3 Nf6 5. Bg5 c5 6. d5 Qa5 7. f3 a6 8. Qa4+ Qxa4 9. Nxa4 Nbd7 10. Rb1 0-0 11. Be2 e6 12. dxe6 fxe6 13. Nh3 d5 14. exd5 exd5 15. cxd5 b5 16. Nc3 Nb6 17. Nf2 Nfxd5 18. Nce4 h6 19. Bd2 Bf5 20. b3 c4 21. bxc4 Nxc4 22. Bxc4 bxc4 23. 0-0 c3 24. Bc1 Rfb8 25. Rxb8+ Rxb8 26. g4 Bxe4 27. fxe4 Nb4 28. Bf4 Rd8 29. a3 Nc2 30. Bc1 Bd4 31. Kg2 Ne3+ 32. Bxe3 Bxe3 33. Kf3 Bd2 34. Ke2 c2 35. Nd3 Rxd3 36. Kxd3 c1Q 37. Rxc1 Bxc1 38. a4 a5 39. Kc4 Kf7 40. Kd5 Ke7 41. Ke5 Bb2+ 42. Kd5 Ba1 43. h4 Bb2 44. h5 g5 45. e5 Ba1 46. e6 Bb2 0-1

[Event "SVK-chT2B 1112"]
[Site "Slovakia"]
[Date "2011.12.03"]
[Round "5.6"]
[White "Lancz, Ondrej"]
[Black "Kocmal, Jaroslav"]
[Result "1/2-1/2"]
[WhiteElo "2099"]
[BlackElo "1985"]
[PlyCount "50"]
[EventDate "2011.10.08"]
[EventType "team-tourn"]
[EventRounds "11"]
[EventCountry "SVK"]
[SourceTitle "EXT 2013"]
[Source "ChessBase"]
[SourceDate "2012.11.22"]
[SourceVersion "1"]
[SourceVersionDate "2012.11.22"]
[SourceQuality "1"]
[WhiteTeam "Sala Slovan Duslo"]
[BlackTeam "Surany Lokomotiva"]
[WhiteTeamCountry "SVK"]
[BlackTeamCountry "SVK"]

1. d4 Nf6 2. c4 e6 3. Nc3 Bb4 4. e3 b6 5. Bd3 Bb7 6. Nf3 0-0 7. 0-0 Bxc3 8. bxc3 Ne4 9. Qc2 f5 10. Ne1 Nf6 11. f3 Nc6 12. e4 fxe4 13. fxe4 d6 14. Nf3 e5 15. Bg5 exd4 16. cxd4 Nb4 17. Qd2 Nxd3 18. Bxf6 Qxf6 19. Qxd3 Qg6 20. Nd2 Rae8 21. Rxf8+ Rxf8 22. Rf1 Rxf1+ 23. Kxf1 d5 24. cxd5 Bxd5 25. a3 h6 1/2-1/2

[Event "SVK-chT2B 1112"]
[Site "Slovakia"]
[Date "2011.11.06"]
[Round "4.5"]
[White "Lancz, Ondrej"]
[Black "Szebellai, Ladislav"]
[Result "1-0"]
[WhiteElo "2099"]
[BlackElo "1788"]
[PlyCount "51"]
[EventDate "2011.10.08"]
[EventType "team-tourn"]
[EventRounds "11"]
[EventCountry "SVK"]
[SourceTitle "EXT 2013"]
[Source "ChessBase"]
[SourceDate "2012.11.22"]
[SourceVersion "1"]
[SourceVersionDate "2012.11.22"]
[SourceQuality "1"]
[WhiteTeam "Sala Slovan Duslo"]
[BlackTeam "Kamenny Most"]
[WhiteTeamCountry "SVK"]
[BlackTeamCountry "SLO"]

1. d4 Nf6 2. c4 e6 3. Nc3 d5 4. Bg5 Be7 5. e3 c6 6. cxd5 exd5 7. Bd3 Be6 8. Qc2 Nbd7 9. Nge2 Nh5 10. Bxe7 Qxe7 11. h3 g6 12. 0-0-0 b5 13. Kb1 a6 14. g4 Ng7 15. f4 f5 16. Ng3 0-0 17. Rde1 Qf7 18. g5 c5 19. h4 c4 20. Be2 Ne8 21. h5 Nd6 22. hxg6 hxg6 23. Rh6 Kg7 24. Bh5 gxh5 25. Nxh5+ Kg8 26. Qh2 1-0

[Event "SVK-chT2B 1112"]
[Site "Slovakia"]
[Date "2011.10.08"]
[Round "1.6"]
[White "Toth, Stanislav"]
[Black "Lancz, Ondrej"]
[Result "1/2-1/2"]
[WhiteElo "1816"]
[BlackElo "2099"]
[PlyCount "85"]
[EventDate "2011.10.08"]
[EventType "team-tourn"]
[EventRounds "11"]
[EventCountry "SVK"]
[SourceTitle "EXT 2013"]
[Source "ChessBase"]
[SourceDate "2012.11.22"]
[SourceVersion "1"]
[SourceVersionDate "2012.11.22"]
[SourceQuality "1"]
[WhiteTeam "Nove Zamky Basta"]
[BlackTeam "Sala Slovan Duslo"]
[WhiteTeamCountry "SVK"]
[BlackTeamCountry "SVK"]

1. d4 Nf6 2. c4 e6 3. Nc3 Bb4 4. Bg5 c5 5. a3 Bxc3+ 6. bxc3 Qa5 7. Bd2 d6 8. e3 Nbd7 9. Nf3 e5 10. Be2 0-0 11. 0-0 Re8 12. Qc2 Qc7 13. d5 e4 14. Ne1 Ne5 15. f3 Bf5 16. f4 Ng6 17. h3 h5 18. Qd1 h4 19. Nc2 Qd7 20. Kh2 Kh7 21. Be1 Rh8 22. Rh1 Kg8 23. Rb1 b6 24. Bf2 Qa4 25. Qc1 Re8 26. Qb2 Bd7 27. Qb3 Ne7 28. Qxa4 Bxa4 29. Rb2 Nd7 30. Na1 Kf8 31. Nb3 f5 32. Nd2 Ng8 33. Rg1 Ngf6 34. Bd1 Bxd1 35. Rxd1 Kf7 36. a4 a5 37. Rg1 Reg8 38. Nb1 Rh5 39. Na3 Ke7 40. Nb5 Rc8 41. Na7 Rg8 42. Nb5 Rc8 43. Na7 1/2-1/2

[Event "SVK-chT2B 0809"]
[Site "Slovakia"]
[Date "2009.03.01"]
[Round "11.3"]
[White "Lancz, Ondrej"]
[Black "Gombar, Peter"]
[Result "1/2-1/2"]
[WhiteElo "2153"]
[BlackElo "2016"]
[PlyCount "34"]
[EventDate "2008.10.11"]
[EventType "team-tourn"]
[EventRounds "11"]
[EventCountry "SVK"]
[SourceTitle "EXT 2010"]
[Source "ChessBase"]
[SourceDate "2010.11.25"]
[SourceVersion "1"]
[SourceVersionDate "2010.11.25"]
[SourceQuality "1"]
[WhiteTeam "Sala Slovan Duslo"]
[BlackTeam "Belusa Hermes"]
[WhiteTeamCountry "SVK"]
[BlackTeamCountry "SVK"]

1. d4 Nf6 2. c4 e6 3. Nc3 d5 4. cxd5 exd5 5. Bg5 Nbd7 6. e3 Bb4 7. Bd3 c5 8. Nge2 c4 9. Bc2 0-0 10. a3 Be7 11. 0-0 h6 12. Bf4 a6 13. e4 dxe4 14. Nxe4 Nxe4 15. Bxe4 Nf6 16. Bf3 Nd5 17. Be5 Be6 1/2-1/2

[Event "SVK-chT2B 0809"]
[Site "Slovakia"]
[Date "2008.10.11"]
[Round "1.3"]
[White "Gulbis, Adrian"]
[Black "Lancz, Ondrej"]
[Result "0-1"]
[WhiteElo "2062"]
[BlackElo "2153"]
[PlyCount "114"]
[EventDate "2008.10.11"]
[EventType "team-tourn"]
[EventRounds "11"]
[EventCountry "SVK"]
[SourceTitle "EXT 2010"]
[Source "ChessBase"]
[SourceDate "2010.11.25"]
[SourceVersion "1"]
[SourceVersionDate "2010.11.25"]
[SourceQuality "1"]
[WhiteTeam "Nove Zamky Basta II"]
[BlackTeam "Sala Slovan Duslo"]
[WhiteTeamCountry "SVK"]
[BlackTeamCountry "SVK"]

1. d4 Nf6 2. c4 e6 3. Nf3 b6 4. Nc3 Bb7 5. a3 Be7 6. d5 0-0 7. e4 d6 8. Bd3 Nbd7 9. 0-0 a5 10. h3 e5 11. Be3 Nc5 12. Bc2 g6 13. Qd2 a4 14. Bh6 Re8 15. Rae1 Ba6 16. Qe2 Bf8 17. Bg5 Bc8 18. Nd2 h6 19. Bh4 Bd7 20. g4 Be7 21. Bg3 Nh7 22. Kh2 Bh4 23. f3 h5 24. Qf2 Bxg3+ 25. Kxg3 h4+ 26. Kh2 g5 27. Qe3 Nf8 28. Ne2 Ng6 29. Qf2 Qf6 30. Kg1 Reb8 31. Nc3 Nf4 32. Qh2 b5 33. cxb5 Bxb5 34. Nxb5 Rxb5 35. Nc4 Rab8 36. Rb1 Ncd3 37. Bxd3 Nxd3 38. Qd2 Nc5 39. Qe3 Kg7 40. Qd2 Kg6 41. Na5 Ra8 42. Nc6 Rb3 43. Qe2 Ra6 44. Nb4 Rb6 45. Qd2 Rxf3 46. Kg2 Qf4 47. Qxf4 Rxf4 48. Rxf4 exf4 49. Kf3 Rb8 50. Rc1 Nb3 51. Rxc7 Nd2+ 52. Kg2 Nxe4 53. Re7 Nd2 54. Ra7 Re8 55. Rxa4 f3+ 56. Kg1 Re1+ 57. Kf2 Re2+ 0-1

[Event "SVK-chT2B 0708"]
[Site "Slovakia"]
[Date "2008.02.03"]
[Round "9.5"]
[White "Marko, Anton"]
[Black "Lancz, Ondrej"]
[Result "0-1"]
[WhiteElo "2119"]
[BlackElo "2146"]
[PlyCount "66"]
[EventDate "2007.10.06"]
[EventType "team-tourn"]
[EventRounds "11"]
[EventCountry "SVK"]
[SourceTitle "EXT 2010"]
[Source "ChessBase"]
[SourceDate "2010.11.25"]
[SourceVersion "1"]
[SourceVersionDate "2010.11.25"]
[SourceQuality "1"]
[WhiteTeam "Partizanske SK Neomax"]
[BlackTeam "Sala Slovan Duslo"]
[WhiteTeamCountry "SVK"]
[BlackTeamCountry "SVK"]

1. c4 Nf6 2. Nc3 e6 3. g3 d5 4. d4 Be7 5. Nf3 0-0 6. Bg2 dxc4 7. 0-0 c5 8. Qa4 cxd4 9. Rd1 Bd7 10. Qxc4 dxc3 11. Ne5 Qa5 12. Qxc3 Qxc3 13. bxc3 Bc6 14. Nxc6 Nxc6 15. Rb1 Rad8 16. Rxd8 Rxd8 17. Be3 Rd7 18. Bxc6 bxc6 19. Rb8+ Rd8 20. Rb7 Bd6 21. Bxa7 Rd7 22. Rxd7 Nxd7 23. Kg2 Kf8 24. Kf3 Ke7 25. Ke4 c5 26. f4 Kd8 27. Kd3 Kc7 28. e4 Kb7 29. Bxc5 Bxc5 30. g4 Kc6 31. f5 Ba3 32. h4 Kc5 33. h5 Nf6 0-1

[Event "SVK-chT2B 0708"]
[Site "Slovakia"]
[Date "2007.10.07"]
[Round "2.3"]
[White "Kocmal, Jaroslav"]
[Black "Lancz, Ondrej"]
[Result "1/2-1/2"]
[WhiteElo "1999"]
[BlackElo "2146"]
[PlyCount "57"]
[EventDate "2007.10.06"]
[EventType "team-tourn"]
[EventRounds "11"]
[EventCountry "SVK"]
[SourceTitle "EXT 2010"]
[Source "ChessBase"]
[SourceDate "2010.11.25"]
[SourceVersion "1"]
[SourceVersionDate "2010.11.25"]
[SourceQuality "1"]
[WhiteTeam "Surany Lokomotiva"]
[BlackTeam "Sala Slovan Duslo"]
[WhiteTeamCountry "SVK"]
[BlackTeamCountry "SVK"]

1. d4 Nf6 2. Nf3 e6 3. Bf4 b6 4. e3 Bb7 5. Nbd2 d6 6. Be2 Nbd7 7. 0-0 Be7 8. h3 c5 9. c3 h6 10. Nc4 d5 11. Nd6+ Bxd6 12. Bxd6 Ne4 13. Bh2 0-0 14. Ne5 a5 15. f3 Nef6 16. Bb5 Nxe5 17. Bxe5 Qe7 18. Qa4 Rfc8 19. Rf2 Ne8 20. Bd7 Rd8 21. Bc6 Nd6 22. Bxb7 Qxb7 23. dxc5 bxc5 24. Qg4 f5 25. Qg6 Qf7 26. Qg3 Ra6 27. Re1 Kh7 28. h4 Nc4 29. Bf4 1/2-1/2

[Event "SVK-chT2B 0607"]
[Site "Slovakia"]
[Date "2007.03.17"]
[Round "10.5"]
[White "Hanko, Pavol"]
[Black "Lancz, Ondrej"]
[Result "1/2-1/2"]
[WhiteElo "2213"]
[BlackElo "2132"]
[PlyCount "83"]
[EventDate "2006.10.14"]
[EventType "team-tourn"]
[EventRounds "11"]
[EventCountry "SVK"]
[SourceTitle "EXT 2008"]
[Source "ChessBase"]
[SourceDate "2007.11.25"]
[SourceVersion "1"]
[SourceVersionDate "2007.11.25"]
[SourceQuality "1"]
[WhiteTeam "Prievidza II"]
[BlackTeam "Sala"]
[WhiteTeamCountry "SVK"]
[BlackTeamCountry "SVK"]

1. d4 Nf6 2. Nf3 e6 3. c4 b6 4. g3 Bb7 5. Bg2 Be7 6. Nc3 Ne4 7. Qc2 Nxc3 8. Qxc3 0-0 9. 0-0 f5 10. Rd1 Bf6 11. Bf4 d6 12. Qd2 a5 13. c5 Na6 14. cxd6 cxd6 15. Rac1 Qd7 16. Bg5 Bxg5 17. Qxg5 Rac8 18. h4 Nb4 19. a3 Nd5 20. Qd2 Nf6 21. Ng5 Bxg2 22. Kxg2 h6 23. Nh3 Rxc1 24. Rxc1 Rc8 25. Nf4 Kf7 26. f3 Rxc1 27. Qxc1 g5 28. hxg5 hxg5 29. Nh3 g4 30. Ng5+ Kg6 31. f4 Ne4 32. Nxe4 Qb7 33. Qc2 Qxe4+ 34. Qxe4 fxe4 35. Kf2 d5 36. Ke3 b5 37. Kd2 Kf6 38. Kc3 Kg6 39. Kb3 Kf6 40. a4 b4 41. Kc2 Kg6 42. Kd2 1/2-1/2

[Event "SVK-chT2B 0607"]
[Site "Slovakia"]
[Date "2007.02.04"]
[Round "9.4"]
[White "Lancz, Ondrej"]
[Black "Janko, Michal"]
[Result "1-0"]
[WhiteElo "2132"]
[BlackElo "2083"]
[PlyCount "97"]
[EventDate "2006.10.14"]
[EventType "team-tourn"]
[EventRounds "11"]
[EventCountry "SVK"]
[SourceTitle "EXT 2008"]
[Source "ChessBase"]
[SourceDate "2007.11.25"]
[SourceVersion "1"]
[SourceVersionDate "2007.11.25"]
[SourceQuality "1"]
[WhiteTeam "Sala"]
[BlackTeam "Nove Zamky II"]
[WhiteTeamCountry "SVK"]
[BlackTeamCountry "SVK"]

1. d4 Nf6 2. c4 e6 3. Nc3 Bb4 4. e3 0-0 5. Bd3 d5 6. a3 Bxc3+ 7. bxc3 dxc4 8. Bxc4 c5 9. Ne2 Qc7 10. Bd3 e5 11. dxe5 Qxe5 12. Qc2 b6 13. Bb2 Bb7 14. c4 Qe7 15. Ng3 Nbd7 16. 0-0 Rad8 17. Qc3 Rfe8 18. Rad1 Qe6 19. Bf5 Qc6 20. f3 Qc7 21. Bxd7 Rxd7 22. Nf5 Re6 23. e4 Qd8 24. Rd5 Bxd5 25. cxd5 Re8 26. g4 h6 27. h4 Kh7 28. Nxg7 Kxg7 29. g5 Kh7 30. gxf6 Rg8+ 31. Kf2 Rg6 32. Qe5 Qg8 33. Qf5 Kh8 34. Be5 Rg2+ 35. Ke3 Rd8 36. Qh5 Qg6 37. Qxg6 Rxg6 38. f4 Rg3+ 39. Rf3 Rg1 40. Bc7 Rd7 41. d6 Re1+ 42. Kd3 Rd1+ 43. Kc4 a6 44. e5 Rd4+ 45. Kc3 b5 46. f5 Re4 47. e6 fxe6 48. fxe6 Rxe6 49. f7 1-0